000 00684nam a2200265Ia 4500
008 181129s9999 xx 000 0 und d
020 _a9780062490179
050 _bF193 2016
100 _aFalkoff, Michelle
245 0 _aPushing perfect /
245 0 _cby Michelle Falkoff.
250 _aFirst edition.
260 _aNew York, NY :
260 _bHarper Teen,
260 _c2016
300 _a336 pages :
300 _billustrations ;
300 _c20cm.
650 _aChildren's secrets.
650 _aChoice (Psychology) in adolescence.
650 _aHigh schools.
650 _aInterpersonal relations.
650 _aYoung adult fiction.
700 _aTitle.
999 _c360140
_d360140